| 000 | 00342nam a22001457a 4500 | ||
|---|---|---|---|
| 008 | 221214b ||||| |||| 00| 0 eng d | ||
| 020 | _a9781416062578 | ||
| 041 | _aeng | ||
| 080 |
_232 EDITION _a61 |
||
| 082 | _a61ALB | ||
| 100 | _a4 | ||
| 101 | _aMJEKS | ||
| 245 |
_aDORLAND.S ILLUSTRATED MEDICAL DICTIONARY _cALBERT D |
||
| 942 |
_2udc _cBK |
||
| 999 |
_c59187 _d59187 |
||